[Event "Cairo Al Ain op"]
[Site "Cairo"]
[Date "2023.12.01"]
[Round "8"]
[White "Ismail, Hany"]
[Black "Omran, Salah"]
[Result "0-1"]
[WhiteElo "1774"]
[BlackElo "1260"]
[PlyCount "102"]
[EventDate "2023.11.27"]
[EventType "swiss"]
[EventRounds "10"]
[EventCountry "EGY"]
[SourceTitle "CB49_2023"]
[SourceDate "2023.12.06"]
[SourceVersion "1"]
[SourceVersionDate "2023.12.06"]
[SourceQuality "1"]

1. d4 d5 2. Nf3 Nf6 3. c3 e6 4. Bg5 c5 5. e3 Bd6 6. Nbd2 h6 7. Bh4 c4 8. Be2 Nbd7 9. Bg3 Bxg3 10. hxg3 Qb6 11. Qc2 a5 12. b3 cxb3 13. axb3 Qc7 14. Bd3 b6 15. c4 Ba6 16. 0-0 Rc8 17. Rfc1 0-0 18. Qb2 Qd8 19. e4 dxe4 20. Nxe4 Nxe4 21. Bxe4 Nf6 22. Bd3 Ng4 23. Qe2 Bb7 24. Be4 Bxe4 25. Qxe4 Nf6 26. Qe2 Qd6 27. Qe1 Rfd8 28. Rd1 Qc6 29. Ne5 Qe4 30. Qxe4 Nxe4 31. Rac1 f6 32. Nf3 Kf7 33. Kf1 Rd7 34. Ke2 b5 35. c5 b4 36. Rd3 Nc3+ 37. Ke3 Ra7 38. Nd2 a4 39. bxa4 Rxa4 40. Nc4 Rc6 41. Nd6+ Ke7 42. Ne4 Nd5+ 43. Kd2 Ra2+ 44. Rc2 Rca6 45. Rb3 Kd7 46. Rbb2 R2a4 47. Nd6 b3 48. Rc4 Ra2 49. Kc1 Ra1+ 50. Rb1 R6a2 51. Rxa1 b2+ 0-1

[Event "Cairo Al Ain op"]
[Site "Cairo"]
[Date "2023.11.29"]
[Round "5"]
[White "Omran, Salah"]
[Black "Kalhy Anwar, Ibrahim"]
[Result "1-0"]
[WhiteElo "1260"]
[BlackElo "1681"]
[PlyCount "109"]
[EventDate "2023.11.27"]
[EventType "swiss"]
[EventRounds "10"]
[EventCountry "EGY"]
[SourceTitle "CB49_2023"]
[SourceDate "2023.12.06"]
[SourceVersion "1"]
[SourceVersionDate "2023.12.06"]
[SourceQuality "1"]

1. e4 e5 2. Bc4 Nf6 3. d4 exd4 4. e5 d5 5. Qxd4 dxc4 6. Qxd8+ Kxd8 7. exf6 gxf6 8. Be3 c6 9. Nd2 Be6 10. Ne2 Nd7 11. Nf4 b5 12. Nf3 Bc5 13. Bxc5 Nxc5 14. Nd4 Kc7 15. 0-0-0 Rad8 16. Rhe1 Rhe8 17. f3 a6 18. Nh5 Rg8 19. g3 Rg6 20. Nf4 Rh6 21. Rxe6 Rxd4 22. Re7+ Kd6 23. Rxf7 Rxd1+ 24. Kxd1 Rxh2 25. Rxf6+ Kd7 26. Rf5 Na4 27. Rh5 Rxh5 28. Nxh5 Ke7 29. Kc1 Nc5 30. Kd2 b4 31. g4 a5 32. Ke3 Ne6 33. f4 c5 34. c3 a4 35. a3 bxa3 36. bxa3 Nc7 37. Ng3 Nd5+ 38. Kf3 Nxc3 39. Nf5+ Ke6 40. Ne3 Kd6 41. Nxc4+ Kd5 42. Nb6+ Kc6 43. Nc4 Kd5 44. Ne3+ Kd4 45. f5 Ne4 46. Kf4 h6 47. Nc2+ Kd5 48. Ne3+ Kd4 49. Nc4 Nf2 50. f6 Nh3+ 51. Kf5 Ng5 52. Nb6 c4 53. Nxa4 c3 54. Nxc3 Kxc3 55. Kg6 1-0